Điều dưỡng sản phụ khoa : Sách đào tạo cử nhân điều dưỡng

Wedi'i Gadw mewn:
Manylion Llyfryddiaeth
Prif Awdur:  Cao Ngọc Thành
Fformat: Sách
Iaith:Undetermined
Cyhoeddwyd:  Y học  2007
Pynciau:
Tagiau: Ychwanegu Tag
Dim Tagiau, Byddwch y cyntaf i dagio'r cofnod hwn!
Thư viện lưu trữ: Trung tâm Thư viện - Trường Đại học Công nghiệp TP. Hồ Chí Minh
LEADER 00541nam a2200157Ia 4500
001 UIH_07964
008 231011s9999 xx 000 0 und d
082 |a  618.2 
100 |a  Cao Ngọc Thành 
245 0 |a  Điều dưỡng sản phụ khoa : Sách đào tạo cử nhân điều dưỡng 
245 0 |c  Cao Ngọc Thành 
260 |b  Y học 
260 |c  2007 
650 |a  Sảnkhoa; Phụ khoa;  
927 |a Sách 
980 |a Trung tâm Thư viện - Trường Đại học Công nghiệp TP. Hồ Chí Minh